000 00428 a2200157 4500
041 _aEng.
082 _a300.72
_bC738
245 _aCompendium; SA537B: Theory, method and statistics in Sociological research
260 _aKathmandu
_c2009
300 _avp, illus
650 _aSocial research
_91417
650 _aStatistical data
_917887
650 _aSampling techique
_925043
653 _aSocial Science
942 _2ddc
_cTB
999 _c61896
_d61884